| 000 | 00494nam a2200205 a 4500 | ||
|---|---|---|---|
| 999 |
_c5133 _d5133 |
||
| 001 | 5133 | ||
| 003 | BD-JhCC | ||
| 005 | 20171209171812.0 | ||
| 008 | 171209s n ||||| |||| 00| 0 eng d | ||
| 035 | _a(BD-JhCC) | ||
| 040 |
_aBD-JhCC _dBD-JhCC |
||
| 041 | _aeng | ||
| 082 |
_a425 _bMAR |
||
| 100 | _aMarshall, Kim | ||
| 245 |
_aEnglish Part A / _cKim Marshall |
||
| 260 |
_aU.S. A : _bEducational Publication, |
||
| 300 |
_a95 p. : _c28cm. |
||
| 650 | _aEnglish Language | ||
| 942 |
_2ddc _cBK |
||